| 000 | 00571nam a2200193 a 4500 | ||
|---|---|---|---|
| 001 | 000046776 | ||
| 005 | 20250217092805.0 | ||
| 008 | 130911s2016 dr 000 0 spa d | ||
| 040 |
_aDO-SdBNP _bspa _cBNPHU |
||
| 082 |
_axxxx _bJ91c |
||
| 100 | 1 |
_aJuanes, Benigno _d1916-2009 _9442 |
|
| 245 | 1 | 0 |
_aCuración espiritual / _cBenigno Juanes. |
| 260 |
_aSanto Domingo : _bAmigo del hogar, _c2016. |
||
| 300 |
_a232 p. ; _c23 cm. |
||
| 490 | 1 |
_aTorrentes _v15 |
|
| 500 | _aIncluye notas a pie de páginas | ||
| 590 | _aInventariado, 2018/ YL | ||
| 830 | 0 |
_aTorrentes _n15 _974743 |
|
| 999 |
_c46265 _d46265 |
||